Zdaňovanie služieb daňou z pridanej hodnoty v roku 2019

Pre správne uplatnenie dane z pridanej hodnoty pri poskytovaní služieb za protihodnotu je potrebné správne určiť miesto dodania služby. Slovenskou daňou z pridanej hodnoty sa zdaňujú iba tie zdaniteľné obchody, ktoré majú miesto dodania na území SR. Pri určení miesta dodania služby platí, že ak služ...

Descrizione completa

Salvato in:
Dettagli Bibliografici
Autore principale: Rabatinová, Marcela, 1977-
Natura: Capitolo di libro
Lingua:slovacco
Soggetti:
Tags: Aggiungi Tag
Nessun Tag, puoi essere il primo ad aggiungerne!!

MARC

LEADER 00000naa a2200000 4500
001 0257256
005 20240502074101.3
041 0 |a slo 
044 |a SK 
245 1 0 |a Zdaňovanie služieb daňou z pridanej hodnoty v roku 2019  |c Marcela Rabatinová 
520 |a Pre správne uplatnenie dane z pridanej hodnoty pri poskytovaní služieb za protihodnotu je potrebné správne určiť miesto dodania služby. Slovenskou daňou z pridanej hodnoty sa zdaňujú iba tie zdaniteľné obchody, ktoré majú miesto dodania na území SR. Pri určení miesta dodania služby platí, že ak služba nespadá pod niektoré z osobitných pravidiel určenia miesta dodania službyuvedených v § 16 zákona č. 222/2004 Z. z. o dani z pridanej hodnoty v z. n. p. , aplikuje sa jedno z dvoch základných pravidiel pre určenie miesta dodania služby podľa § 15 zákona o DPH, a to v závislosti od postavenia príjemcu služby, t. j. či je služba dodaná zdaniteľnej osobe alebo inej osobe ako zdaniteľnej. Ilustračné príklady. 
610 2 0 |a Slovensko 
610 2 0 |a dane z hodnoty pridanej 
610 2 0 |a zdaňovanie 
610 2 0 |a služby 
610 2 0 |a zákony 
610 2 0 |a daňovníci 
100 1 |a Rabatinová, Marcela, 1977-